| 000 | 00678cam a22002173a 4500 | ||
|---|---|---|---|
| 001 | 19444 | ||
| 003 | PGUSA | ||
| 005 | 20140828083419.0 | ||
| 008 | 061002s2006||||xxu|||||s|||||000 | eng d | ||
| 040 |
_aPGUSA _beng |
||
| 042 | _adc | ||
| 050 | 4 | _aNA | |
| 245 | 1 | 4 |
_aThe Brochure Series of Architectural Illustration, Volume 01, No. 06, June 1895 : _bRenaissance Panels from Perugia _h[electronic resource] / _cVarious |
| 260 |
_bProject Gutenberg, _c2006 |
||
| 506 | _aPublic domain in the USA. | ||
| 516 | _aElectronic text | ||
| 653 | _aArchitecture -- Periodicals | ||
| 830 | 0 |
_aProject Gutenberg _v19444 |
|
| 856 | 4 | 0 | _uhttp://www.gutenberg.org/ebooks/19444 |
| 942 | _cEB | ||
| 999 |
_c248699 _d248699 |
||